| 000 | 02305nam a22003497a 4500 | ||
|---|---|---|---|
| 001 | 102871 | ||
| 003 | KnowledgeUnlatched | ||
| 005 | 20210303105124.0 | ||
| 006 | m o d | ||
| 007 | cr u|||||||||| | ||
| 008 | 210129p20112019nyu o u00| u eng d | ||
| 037 | _5BiblioBoard | ||
| 245 | 0 | 2 |
_aA State of Peace in Europe _bWest Germany and the CSCE, 1966-1975 / _cPetri Hakkarainen. |
| 020 | _a9781789201079 | ||
| 029 | 1 | _ahttps://library.biblioboard.com/ext/api/media/3fff7186-a101-48d8-8557-76d2d6a2ba87/assets/thumbnail.jpg | |
| 040 |
_aScCtBLL _cScCtBLL |
||
| 100 | 1 |
_aHakkarainen, Petri _eauthor. |
|
| 264 | 1 | _bBerghahn Books, | |
| 300 | _a1 online resource (295 p.) | ||
| 506 | 0 |
_aAccess copy available to the general public. _fUnrestricted _2star |
|
| 520 | _aFrom the mid-1960s to the mid-1970s West German foreign policy underwent substantial transformations: from bilateral to multilateral, from reactive to proactive. The Conference on Security and Cooperation in Europe (CSCE) was an ideal setting for this evolution, enabling the Federal Republic to take the lead early on in Western preparations for the conference and to play a decisive role in the actual East-West negotiations leading to the Helsinki Final Act of 1975. Based on extensive original research of recently released documents, spanning more than fifteen archives in eight countries, this study is a substantial contribution to scholarly discussions on the history of détente, the CSCE and West German foreign policy. The author stresses the importance of looking beyond the bipolarity of the Cold War decades and emphasizes the interconnectedness of European integration and European détente. | ||
| 588 | 0 | _aDescription based on print version record. | |
| 590 | _aKU Select 2018: HSS Backlist Books | ||
| 650 | 7 |
_aHistory / Europe _2bisacsh |
|
| 650 | 0 | _aHistory | |
| 655 | 0 | _aElectronic books. | |
| 758 |
_iIs found in: _aKnowledge Unlatched _1https://openresearchlibrary.org/module/2774bc74-146a-484f-a7ba-ab1d6a09bbfb |
||
| 856 | 4 | 0 |
_uhttps://openresearchlibrary.org/content/3fff7186-a101-48d8-8557-76d2d6a2ba87 _zView this content on Open Research Library. _70 |
| 999 |
_c33664 _d33664 |
||